Kashipur, West Bengal, 1956-60; (Record no. 63797)

MARC details
000 -LEADER
fixed length control field 00747cam a22002411 4500
001 - CONTROL NUMBER
control field sa 65004510
003 - CONTROL NUMBER IDENTIFIER
control field DLC
005 - DATE AND TIME OF LATEST TRANSACTION
control field 20260227112131.0
008 - FIXED-LENGTH DATA ELEMENTS--GENERAL INFORMATION
fixed length control field 861202s1962 ii 000 0 eng
010 ## - LIBRARY OF CONGRESS CONTROL NUMBER
LC control number sa 65004510
025 ## - OVERSEAS ACQUISITION NUMBER
Overseas acquisition number PL480:I-E-1736
035 ## - SYSTEM CONTROL NUMBER
System control number (OCoLC)14913047
040 ## - CATALOGING SOURCE
Original cataloging agency DLC
Transcribing agency WaU
Modifying agency DLC
042 ## - AUTHENTICATION CODE
Authentication code premarc
050 00 - LIBRARY OF CONGRESS CALL NUMBER
Classification number HN683.5
Item number .M34
100 1# - MAIN ENTRY--PERSONAL NAME
Personal name Mandal, G. C.
245 10 - TITLE STATEMENT
Title Kashipur, West Bengal, 1956-60;
Remainder of title a report on re-survey of a village
Statement of responsibility, etc. [by] G.C. Mandal and Sunil C. Sengupta.
260 ## - PUBLICATION, DISTRIBUTION, ETC.
Place of publication, distribution, etc. Santiniketan,
Date of publication, distribution, etc. 1962.
300 ## - PHYSICAL DESCRIPTION
Extent vii, 104 p.
Dimensions 25 cm.
500 ## - GENERAL NOTE
General note At head of title: Studies in rural change.
651 #0 - SUBJECT ADDED ENTRY--GEOGRAPHIC NAME
Geographic name India
General subdivision Rural conditions
Form subdivision Case studies.
700 1# - ADDED ENTRY--PERSONAL NAME
Personal name Sengupta, Sunil C.,
Relator term joint author.

No items available.

Powered by Koha